000 00506nam a2200181Ia 4500
999 _c29047
_d29047
003 OSt
005 20210108144147.0
008 190216s9999||||xx |||||||||||||| ||und||
020 _a9788124013007
040 _coclc
082 _a894.812301
_bBAL/J
100 _aBalakrishnan, Usha
_98270
245 0 _aJwala /
_cUsha Balakrishnan
260 _bCurrent Books,
_aKottayam:
_c2003.
300 _a84p
650 _aKathakal
942 _cBK
_2ddc
_h894.812301
_iBAL/J
_k894.812301
_mBAL/J